000
00217 a2200097 4500
020
_a
9780329156572
041
_a
spa
100
_a
Reilly Giff, Patricia
245
_a
Leones perezosos, corderos afortunados
942
_c
BK
999
_c
30901
_d
30899